header

Going global? (Record no. 72597)

MARC details
000 -LEADER
fixed length control field 01419nam a22003494a 4500
082 04 - DEWEY DECIMAL CLASSIFICATION NUMBER
Classification number 338.4/76291
245 00 - TITLE STATEMENT
Title Going global?
260 ## - PUBLICATION, DISTRIBUTION, ETC. (IMPRINT)
Place of publication Santa Monica, Calif. :
Name of publisher RAND, Project Air Force,
Year of publication 2002.
300 ## - PHYSICAL DESCRIPTION
Number of Pages xxxv, 215 p. :
Other physical details ill.
500 ## - GENERAL NOTE
General note "Prepared for the United States Air Force."
General note Also available via the World Wide Web.
General note "MR-1537-AF"--P. [4] cover.
650 #0 - SUBJECT ADDED ENTRY--TOPICAL TERM
Topical Term Aerospace industries.
Topical Term International division of labor.
Topical Term International trade.
700 1# - ADDED ENTRY--PERSONAL NAME
Personal name Lorell, Mark A.,
856 40 - ELECTRONIC LOCATION AND ACCESS
Uniform Resource Identifier http://site.ebrary.com/lib/rucke/Doc?id=10056225

No items available.

© 2026 Rongo University
Contact us: librarian | system librarian | Rongo university